<?xml version="1.0" encoding="UTF-8"?>
<record
    xmlns:xsi="http://www.w3.org/2001/XMLSchema-instance"
    xsi:schemaLocation="http://www.loc.gov/MARC21/slim http://www.loc.gov/standards/marcxml/schema/MARC21slim.xsd"
    xmlns="http://www.loc.gov/MARC21/slim">

  <leader>01664nam a22002537a 4500</leader>
  <datafield tag="999" ind1=" " ind2=" ">
    <subfield code="c">21705</subfield>
    <subfield code="d">21705</subfield>
  </datafield>
  <controlfield tag="003">AR-CdUCM</controlfield>
  <controlfield tag="008">190425b           ||||| |||| 00| 0 spa d</controlfield>
  <datafield tag="040" ind1=" " ind2=" ">
    <subfield code="a">MUNICIPALIDAD PROVINCIAL DEL CUSCO</subfield>
    <subfield code="c">BIBLIOTECA MUNICIPAL DEL CUSCO</subfield>
  </datafield>
  <datafield tag="082" ind1=" " ind2=" ">
    <subfield code="a">Rev.Univ/N&#xB0;35/1921</subfield>
    <subfield code="b">Rev.Univ/N&#xB0;35/1921</subfield>
  </datafield>
  <datafield tag="110" ind1=" " ind2=" ">
    <subfield code="a">Universidad Nacional de San Antonio Abad del Cusco</subfield>
    <subfield code="9">15942</subfield>
  </datafield>
  <datafield tag="245" ind1=" " ind2=" ">
    <subfield code="a">Revista Universitaria :</subfield>
    <subfield code="b">&#xD3;rgano de la Universidad del Cuzco /</subfield>
  </datafield>
  <datafield tag="260" ind1=" " ind2=" ">
    <subfield code="a">Cusco :</subfield>
    <subfield code="b">El Comercio,</subfield>
    <subfield code="c">agosto 1921.</subfield>
  </datafield>
  <datafield tag="300" ind1=" " ind2=" ">
    <subfield code="a">136 p&#xE1;ginas. :</subfield>
    <subfield code="c">20 cm.</subfield>
  </datafield>
  <datafield tag="440" ind1=" " ind2=" ">
    <subfield code="a">Revista Universitaria</subfield>
    <subfield code="n">A&#xF1;o X, agosto 1921, N&#xB0;35</subfield>
    <subfield code="9">45816</subfield>
  </datafield>
  <datafield tag="505" ind1=" " ind2=" ">
    <subfield code="a">Contenido: Ante la Patria, redacci&#xF3;n. -- El Cuzco meca del Turismo. Alberto A. Giesecke. -- El barrio incaico de Ccolccampata. Jos&#xE9; Gabriel Cosio. -- Apuntes para un estudio de Arqueolog&#xED;a regional. Antonio Lorena. -- Tiahuanacu. Ollantaytambo. Cuzco. Luis E. Valc&#xE1;rcel. -- Plantas alimenticias ind&#xED;genas cultivadas en el Departamento. Fortunato L. Herrera. -- La Universidad del Cuzco ante el problema ind&#xED;gena. F&#xE9;lix Cosio. -- El Museo Arqueol&#xF3;gico de la Universidad del Cuzco. El Escudo del Cuzco t&#xED;tulos y cedulas. -- Monograf&#xED;a agr&#xED;cola del Departamento. Federico Ponce de Le&#xF3;n. -- El Ccoricancha monograf&#xED;a arqueol&#xF3;gica. Guillermo Lazo. -- El Cuzco Incaico. Uriel Garc&#xED;a. -- El doctor Rowe miembro de la Universidad del Cuzco. </subfield>
  </datafield>
  <datafield tag="650" ind1=" " ind2=" ">
    <subfield code="a">Arqueolog&#xED;a cusque&#xF1;a</subfield>
    <subfield code="9">9322</subfield>
  </datafield>
  <datafield tag="650" ind1=" " ind2=" ">
    <subfield code="a">Turismo cusque&#xF1;o</subfield>
    <subfield code="9">45817</subfield>
  </datafield>
  <datafield tag="650" ind1=" " ind2=" ">
    <subfield code="a">Escudo del Cusco</subfield>
    <subfield code="9">45818</subfield>
  </datafield>
  <datafield tag="650" ind1=" " ind2=" ">
    <subfield code="a">Qorikancha</subfield>
    <subfield code="9">30993</subfield>
  </datafield>
  <datafield tag="650" ind1=" " ind2=" ">
    <subfield code="a">Qolqampata</subfield>
    <subfield code="9">45819</subfield>
  </datafield>
  <datafield tag="710" ind1=" " ind2=" ">
    <subfield code="a">Universidad Nacional de San Antonio Abad del Cusco</subfield>
    <subfield code="9">15942</subfield>
  </datafield>
  <datafield tag="942" ind1=" " ind2=" ">
    <subfield code="2">ddc</subfield>
    <subfield code="c">PP</subfield>
  </datafield>
  <datafield tag="945" ind1=" " ind2=" ">
    <subfield code="a">rac</subfield>
  </datafield>
  <datafield tag="952" ind1=" " ind2=" ">
    <subfield code="0">0</subfield>
    <subfield code="2">ddc</subfield>
    <subfield code="4">0</subfield>
    <subfield code="7">0</subfield>
    <subfield code="a">HEM</subfield>
    <subfield code="b">HEM</subfield>
    <subfield code="c">CART</subfield>
    <subfield code="d">2021-04-14</subfield>
    <subfield code="g">10.00</subfield>
    <subfield code="o">Rev.Univ/N&#xB0;35/1921</subfield>
    <subfield code="p">REVC000032</subfield>
    <subfield code="r">2021-04-14</subfield>
    <subfield code="y">PP</subfield>
  </datafield>
</record>
